Wymień wszystkich rywali Adama Soldaeva w karierze. - Statystyki

Ogólne statystyki
  • Ten quiz został rozwiązany 3 razy
  • Średni wynik to 5 z 8
Statystyki odpowiedzi
Wygrana/Przegrana Rywal % Poprawnych
Wygrana Pascal Hintzen
100%
Wygrana Emil Nezirov
67%
Wygrana Kacper Miasko
67%
Przegrana Kevin Nowak
67%
Wygrana Piotr Kacprzak
67%
Wygrana Slawomir Szczepanski
67%
Wygrana Stanislav Shakun
67%
Wygrana Oleksii Polishchuk
33%
Nie znaleziono quizów pasujących do podanych kryteriów
Rozkład punktacji
Procent ludzi z każdym wynikiem
Percentyl według liczby udzielonych odpowiedzi
Twoja historia wyników
Nie rozwiązałeś tego quizu